Arrondissements du Grand Est par population - Statistiques

Statistiques générales
  • Ce quiz a été pris 75 fois
  • Le résultat moyen est 20 sur 38
Statistiques - réponses
Population Arrondissement % Correct
67 514 651 Strasbourg
98%
57 352 594 Metz
96%
54 427 697 Nancy
96%
68 356 125 Mulhouse
93%
51 297 068 Reims
86%
57 273 063 Thionville
77%
10 230 162 Troyes
77%
68 211 178 Colmar
75%
88 200 543 Épinal
73%
67 244 304 Haguenau
66%
08 153 985 Charleville-Mézières
61%
88 108 248 Saint-Dié-des-Vosges
61%
57 237 242 Forbach
59%
67 159 650 Sélestat
54%
51 107 923 Châlons-en-Champagne
48%
52 61 835 Chaumont
48%
51 116 465 Épernay
48%
08 56 483 Sedan
48%
57 96 273 Sarreguemines
45%
67 129 666 Saverne
45%
68 129 855 Thann
45%
55 82 317 Verdun
45%
52 66 529 Saint-Dizier
43%
55 57 514 Bar-le-Duc
39%
52 42 678 Langres
39%
54 74 722 Lunéville
39%
54 164 402 Val de Briey
39%
68 69 925 Altkirch
36%
67 104 391 Molsheim
36%
10 54 005 Nogent-sur-Seine
36%
57 90 770 Sarrebourg
36%
88 51 882 Neufchâteau
34%
54 65 665 Toul
34%
08 37 339 Rethel
32%
08 21 052 Vouziers
32%
55 42 088 Commercy
30%
10 27 162 Bar-sur-Aube
29%
51 43 836 Vitry-le-François
29%
Aucun quiz correspondant
Distribution des résultats
% des personnes avec chaque résultat
Percentile par nombre de réponses
Votre historique - résultats
Vous n’avez pas pris ce quiz